000 00425nam a2200181Ia 4500
008 210210b1913 xxu||||| |||| 00| 0 eng d
041 _aeng
082 _a543118
100 _aLUFF (Arthur P)
245 _aManual of chemistry
260 _aLondon
_bCassell and Company Ltd
_c1913
300 _a622
650 _aManual
650 _achemistry
690 _aChemistry
700 _aCANDY (Hugh C H)
906 _a009530
999 _c126980
_d126980